000 00538nam a2200193Ia 4500
005 20250326141442.0
008 250326s9999 xx 000 0 und d
037 _aTextbook
040 _aFMSL
_beng
_cFMSL
041 _aeng
_2eng
084 _aX:8D N4
_qFMSL
100 _aEdmister Roberts.
245 0 _aFicial Institutions:markets and management.
_cEdmister Roberts.
250 _a2nd
260 _aNew Delhi
_bNew Delhi, McGraw Hill.
_c1980
300 _axx,531
942 _cTB
_hX:8D N4
999 _c1290377
_d1290377